| 000 | 00391nam a2200157Ia 4500 | ||
|---|---|---|---|
| 008 | 221030s9999 xx 000 0 und d | ||
| 020 | _a8184121070 | ||
| 041 | _aEnglish | ||
| 100 | _aU. C. Jindal | ||
| 245 | 2 |
_aA Text Book on Strength of Materials _cby U. C. Jindal |
|
| 250 | _a2nd | ||
| 260 |
_bAsian Books Ltd. _aNew Delhi _c2009 |
||
| 300 | _a23.33 | ||
| 650 | _aCivil | ||
| 942 | _cBK | ||
| 999 |
_c14983 _d14983 |
||